|
|
|
|
| LEADER |
00000nas a2200000 a 4500 |
| 001 |
ssj0000684709 |
| 003 |
WaSeSS |
| 005 |
20200512172242.0 |
| 006 |
m d |
| 007 |
cr n |
| 008 |
120426c20uu9999nyua| p|s|||||| |0eng d |
| 035 |
|
|
|a (WaSeSS)ssj0000684709
|
| 040 |
|
|
|a WaSeSS
|c WaSeSS
|d WaSeSS
|
| 050 |
|
4 |
|a B1.A4
|
| 245 |
0 |
0 |
|a Analysis and metaphysics
|h [electronic resource].
|
| 260 |
|
|
|a Woodside, New York :
|b Addleton Academic Publishers
|
| 310 |
|
|
|a Annual
|
| 506 |
|
|
|a License restrictions may limit access.
|
| 588 |
|
|
|a Description based on: Annual 2009 (8), Gale document number A267134889; title from title screen (AcademicOneFile, April 25, 2012).
|
| 588 |
|
|
|a Latest issue consulted: Annual 2010 (9); Gale document number A267134509 (viewed, April 25, 2012).
|
| 650 |
|
0 |
|a Philosophy
|v Periodicals.
|
| 650 |
|
0 |
|a Metaphysics
|v Periodicals.
|
| 655 |
|
0 |
|a Electronic journals.
|
| 776 |
0 |
8 |
|i Print version:
|t Analysis and metaphysics
|x 1584-8574
|
| 856 |
4 |
0 |
|z Full text available from Research Library: 01/01/2009 to present
|u https://search.proquest.com/publication/136104
|